| 000 | 00711nam2a22002531 4500 | ||
|---|---|---|---|
| 001 | RU\NLR\INFOCOMM10\1000300952 | ||
| 005 | 20041020145517.0 | ||
| 035 | _a(NLR Aleph) 002311762 | ||
| 090 |
_a4309345 _c4309345 |
||
| 100 | _a20041020d1989 |||y0rusy50 ba | ||
| 101 | 0 | _arus | |
| 102 | _aRU | ||
| 105 | _ay ||||||||| | ||
| 200 | 1 |
_aДмитрий Донской _fЮ.М. Лощиц |
|
| 210 | _d1989 | ||
| 461 | 0 |
_1001RU\NLR\INFOCOMM10\1000300670 _12001#$aРоман-газета$v1989, №9/10(1111/1112) |
|
| 700 | 1 |
_aЛощиц _bЮ. М. _4070 |
|
| 801 | 0 |
_aRU _bNLR _gPSBO |
|
| 801 | 1 |
_aRU _bInfoComm _c20041020 |
|
| 852 |
_aNLR _jП35/504 |
||
| 942 | _cISSUE | ||
| 980 | _aNB | ||
| 980 | _aRUSPER | ||